000 01351cad a22002295a 4500
001 L141687
008 071213s2007 xxkad f s 000 0 eng d
035 _a(Sirsi) u141687
041 0 _aeng
050 0 4 _a333.336 $2 18
110 2 _aColliers International Property Consultants
_91881
245 0 0 _aAsia Pacific industrial market overview
_h[electronic resource]
260 _aSingapore
_bColliers
_c2007
490 0 _aColliers Asia Pacific Industrial Market Overview
_vNovember 2007
520 _aReviews the period April to September 2007. Finds that demand for industrial properties during the review period was robust. Industrial property markets were boosted by spillover demand from robust office markets. Rents in single-user industrial premises reached up to 50% growth in the review period. Singapore had the highest rent increase, 17.4%. In addition, capital values increased across the region, with India registering the largest increase of up to 49.4%. Expects demand, values and rents for industrial facilities to rise.
590 _aKA
650 2 4 _aCOLLIERS ASIA PACIFIC INDUSTRIAL MARKET OVERVIEW
651 4 _aAsia Pacific
690 _aPROPERTY-COMMERCIAL PROPERTY-COMMERCIAL PROPERTY MARKET
856 4 0 _uhttps://www.colliers.com/
_zView this report free of charge under Asia Pacific at www.colliers.com...
942 _n0
999 _c107736
_d107736